Joe Paterson quiz? Stats

 Plays Quiz not verified by Sporcle

Score 0/20 Timer 03:00
0 Plays Today
Do you know Joe Paterson? Answer % Correct
How old is Joe Paterson????
100%
Is Joe Paterson taller than a filing cabinet????
100%
What is Joe Patersons mum called????
100%
Does John Paterson like pints????
100%
Has he had one previously????
100%
Does Joe Paterson like Northwich Vics????
100%
Does Joe Paterson like Crisps????
100%
Has Joe Paterson been to Blackpool????
100%
What's Joe Patersons favourite pub????
87.5%
Did Joe Paterson prefer Blackpool or London????
87.5%
Do you know Joe Paterson? Answer % Correct
Does Joe Paterson like the gym????
87.5%
Does Joe Paterson like work????
87.5%
Has Joe Paterson ate a sausage before????
87.5%
Is bacon good for Joe Paterson????
87.5%
Is Joe Paterson a great player????
87.5%
Who is Joe Patersons best friend????
62.5%
What are Joe Patersons favourite crisps????
62.5%
Paterson????
62.5%
Who is Joe Patersons favourite ever footballer????
62.5%
Who is Joe Patersons nicest/tallest friend????
62.5%

You're not logged in!

Compare scores with friends on all Sporcle quizzes.
OR
Log In

You Might Also Like...

Show Comments

Extras

Created Sep 3, 2015ReportNominate
Tags:joe, paterson

Top Quizzes Today


Score Distribution

Your Account Isn't Verified!

In order to create a playlist on Sporcle, you need to verify the email address you used during registration. Go to your Sporcle Settings to finish the process.

Report this User

Report this user for behavior that violates our Community Guidelines.

Details: